| 000 | 00766nam a22001337a 4500 | ||
|---|---|---|---|
| 040 | _cRUA | ||
| 082 | _aVEM PHO 2014 B443 Or.1 | ||
| 100 | _aPHON VANNA; ផុន វណ្ណា | ||
| 245 | _aStudy on important infectious disease of fattening pigs in noun sok khom pig farm, at oudong district, kampong speu province; សិក្សាលើជំងឺឆ្លងសំខាន់ៗដែលកើតមានលើជ្រូកសាច់ នៅកសិដ្ឋាន នួន សុខុម ស្រុកឧដុង្គ ខេត្តកំពង់ស្ពឺ | ||
| 260 |
_aPhnom Penh _bRUA _c2014 |
||
| 300 |
_aix;39p. _bill. _c29cm. |
||
| 856 | _uhttps://drive.google.com/file/d/1Wo7G_0R6FL_XQDuE8kYzMkVhDMP-28wf/view?usp=sharing | ||
| 942 | _cVEM | ||
| 999 |
_c7290 _d7290 |
||